|
|
|
|
| LEADER |
00717nam a2200217Ia 4500 |
| 008 |
240830s9999 xx 000 0 und d |
| 040 |
|
|
|a CEDOC FIQ-RUSB / 664.113 M385
|
| 041 |
|
|
|a spa
|
| 082 |
|
|
|a 664.113 M385
|
| 100 |
1 |
|
|a Martìnez Alonso, Nelson
|
| 245 |
1 |
0 |
|a Curso de Tecnología azucarera; Primera parte Purificación
|
| 260 |
|
|
|a Nicaragua
|b MIDINRA
|c 1982
|
| 300 |
|
|
|a 189 p. :il
|
| 650 |
7 |
|
|a INDUSTRIA AZUCARERA - PRODUCTOS DERIVADOS
|
| 650 |
7 |
|
|b PURIFICACIÓN DEL AZÚCAR
|
| 650 |
7 |
|
|c PRODUCTOS Y SUB-PRODUCTOS DERIVADOS DE LA INDUSTRIA AZUCARERA
|
| 650 |
7 |
|
|d PRODUCCIÓNDE AZÚCAR CRUDA Y REFINADA
|
| 650 |
7 |
|
|e MÉTODO DE LA ALCALIZACIÓN
|
| 942 |
|
|
|c BK
|2 ddc
|
| 991 |
|
|
|a TEXTO
|
| 999 |
|
|
|c 13459
|